Football : Joueurs USL Dunkerque 24/25 - Statistiques

Statistiques générales
  • Ce quiz a été pris 33 fois
  • Le résultat moyen est 17 sur 30
Statistiques - réponses
Temps de jeu (en minutes) Poste Réponse % Correct
3180 MOC Enzo Bardeli
96%
3435 DD Alec Georgen
92%
3274 DC Opa Sangante
92%
2325 MDC Ugo Raghouber
92%
2628 DG Felipe Abner
88%
2558 BU Gaëtan Courtet
88%
2675 MOC Naatan Skyttä
88%
3115 DC Vincent Sasso
88%
1857 AD Gessime Yassine
80%
1782 BU Yacine Bammou
80%
1710 G Adrián Ortolá
76%
1980 G Ewen Jaouen
76%
1551 AD Kay Tejan
68%
2098 AG Maxence Rivera
68%
1323 MOC Anto Sekongo
56%
791 DD Bendjaloud Youssouf
56%
1203 MDC Diogo Queirós
52%
1027 DG/DC Geoffrey Kondo
52%
180 G Ibrahim Koné
44%
635 AG Marco Essimi
44%
442 AD Abdoullah Ba
40%
695 DC/MDC Nehemiah Fernandez
40%
694 AD Muhanad Al-Saad
36%
336 DD Allan Linguet
32%
122 MOC Alexi Pitu
24%
91 DC Loïc Bessilé
20%
226 MOC Malick Diop
20%
274 DG Núrio Fortuna
20%
156 DD/MDC Junior Senneville
16%
114 BU Nachon Nsingi
16%
Aucun quiz correspondant
Distribution des résultats
% des personnes avec chaque résultat
Percentile par nombre de réponses
Votre historique - résultats
Vous n’avez pas pris ce quiz